Estatísticas para Países que começam com S

Clique aqui para jogar o quiz

Estatísticas Gerais

  • Esse quiz foi jogado 7 317 vezes
    (5 949 desde o último reset)
  • A pontuação média é 12 de 19

Estatísticas das Respostas

País% Correto
Suécia
92%
Suíça
90%
Somália
76%
Suriname
75%
Senegal
73%
Sudão
67%
Sérvia
67%
Singapura
65%
Síria
62%
Sudão do Sul
60%
Samoa
60%
São Tomé e Príncipe
59%
Sri Lanka
58%
San Marino
56%
Santa Lúcia
55%
São Cristóvão e Nevis
52%
São Vicente e Granadinas
51%
Seychelles
51%
Serra Leoa
46%

Distribuição das Pontuações

Percentil de Números Respondidos

Porcentagem de Pessoas com Cada Pontuação

Sua Pontuação Histórica

Você não jogou esse quiz desde o último reset